<?xml version="1.0" encoding="UTF-8"?>
<collection xmlns="http://www.loc.gov/MARC21/slim">
 <record>
  <leader>01297nam a2200229 a 4500</leader>
  <controlfield tag="001">TVCDKTCT4670</controlfield>
  <controlfield tag="003">Thư viện trường Cao đẳng Kỹ thuật Cao Thắng</controlfield>
  <controlfield tag="005">20060404000000</controlfield>
  <controlfield tag="008">060404</controlfield>
  <datafield tag="980" ind1="\" ind2="\">
   <subfield code="a">Thư viện Trường CĐ Kỹ Thuật Cao Thắng</subfield>
  </datafield>
  <datafield tag="024" ind1=" " ind2=" ">
   <subfield code="a">RG_1 #1 eb0 i1</subfield>
  </datafield>
  <datafield tag="041" ind1="0" ind2="#">
   <subfield code="a">vie</subfield>
  </datafield>
  <datafield tag="082" ind1="#" ind2="#">
   <subfield code="a">389.677.2 / </subfield>
   <subfield code="b">T309C-s</subfield>
  </datafield>
  <datafield tag="100" ind1="1" ind2="#">
   <subfield code="a">Viện Công nghiệp dệt sợi Hà Nội, Nhà máy sợi Hà Nội</subfield>
  </datafield>
  <datafield tag="245" ind1="0" ind2="0">
   <subfield code="a">Tiêu chuẩn Việt Nam : Sợi dệt sợi bông đơn mộc chải đường. Yêu cầu kỹ thuật. TCVN 4539-88 /</subfield>
   <subfield code="c">Viện Công nghiệp dệt sợi Hà Nội Nhà máy sợi Hà Nội, Trần Nhật Chương</subfield>
  </datafield>
  <datafield tag="250" ind1="#" ind2="#">
   <subfield code="a">In lần thứ 1</subfield>
  </datafield>
  <datafield tag="260" ind1="#" ind2="#">
   <subfield code="a">H. :</subfield>
   <subfield code="b">Đại Học Bách KHoa Hà Nội ,</subfield>
   <subfield code="c">1989</subfield>
  </datafield>
  <datafield tag="300" ind1="#" ind2="#">
   <subfield code="a">7tr. ;</subfield>
   <subfield code="c">21cm</subfield>
  </datafield>
  <datafield tag="520" ind1="#" ind2="#">
   <subfield code="a">Tiêu chuẩn này áp dụng cho sợi đơn, mộc ở dạng búp hình côn, sản xuất từ bông sơ trung bình bằng hệ thống kéo sợi chải thường trên máy kéo sợi cọc nồi, dùng để dệt vải.</subfield>
  </datafield>
  <datafield tag="650" ind1="#" ind2="4">
   <subfield code="a">Tiêu chuẩn kỹ thuật</subfield>
  </datafield>
  <datafield tag="650" ind1="#" ind2="4">
   <subfield code="a">Sợi bông</subfield>
  </datafield>
  <datafield tag="700" ind1="0" ind2="#">
   <subfield code="a">Trần Nhật Chương, </subfield>
   <subfield code="e">Tác giả</subfield>
  </datafield>
 </record>
</collection>
